Statistics for Countries in Alphabetical Order by Continent

Click here to take the quiz!

General Stats

  • This quiz has been taken 1,607 times
  • The average score is 102 of 196

Answer Stats

Country% Correct
Albania
96%
Andorra
91%
Austria
83%
Belgium
82%
Belarus
81%
Bosnia and Herzegovina
79%
Bulgaria
77%
Croatia
77%
Denmark
76%
Estonia
76%
Finland
75%
Hungary
74%
Ireland
74%
Iceland
74%
Germany
73%
Czech Republic
73%
France
72%
Latvia
72%
Lithuania
72%
Greece
71%
Kosovo
71%
Liechtenstein
71%
Luxembourg
71%
Vatican City
70%
Afghanistan
68%
Malta
68%
United Kingdom
67%
Italy
67%
Monaco
66%
Slovakia
66%
Slovenia
66%
Ukraine
65%
Montenegro
65%
Norway
65%
Romania
65%
Armenia
65%
Azerbaijan
64%
Macedonia
64%
Moldova
64%
Algeria
64%
Sweden
64%
Serbia
64%
San Marino
64%
Portugal
64%
Poland
64%
Russia
63%
Netherlands
63%
Switzerland
63%
Argentina
62%
Chile
61%
Brazil
61%
Australia
61%
Bolivia
61%
Antigua and Barbuda
61%
Bahrain
61%
Spain
61%
Colombia
61%
Barbados
60%
Bahamas
60%
Ecuador
60%
Angola
60%
Guyana
59%
Uruguay
59%
Paraguay
59%
Venezuela
59%
Peru
58%
Bhutan
58%
Suriname
57%
Bangladesh
57%
Belize
57%
Dominica
56%
Cuba
56%
Dominican Republic
56%
Brunei
55%
China
54%
Costa Rica
54%
Canada
54%
Cambodia
54%
Botswana
54%
Benin
54%
El Salvador
53%
Haiti
53%
Honduras
53%
Fiji
53%
Guatemala
52%
Jamaica
52%
Burundi
52%
Vanuatu
52%
Saint Lucia
51%
Saint Vincent and the Grenadines
51%
Burkina Faso
51%
Saint Kitts and Nevis
51%
Tuvalu
51%
Solomon Islands
50%
Samoa
50%
Nauru
50%
Grenada
50%
Chad
50%
Kiribati
50%
Marshall Islands
50%
Panama
49%
Nicaragua
49%
Trinidad and Tobago
49%
United States
49%
Zambia
49%
Zimbabwe
49%
Tonga
49%
Cameroon
49%
Yemen
48%
Palau
48%
Iraq
47%
Iran
47%
New Zealand
47%
Comoros
46%
Kazakhstan
46%
Central African Republic
46%
Vietnam
46%
Federated States of Micronesia
46%
Papua New Guinea
45%
Eritrea
45%
Cape Verde
45%
Mexico
45%
Japan
45%
Jordan
45%
Laos
45%
Ethiopia
45%
Indonesia
45%
India
45%
Djibouti
45%
Turkmenistan
44%
Uzbekistan
44%
Kuwait
44%
Israel
44%
Kyrgyzstan
43%
Egypt
43%
East Timor
43%
Oman
43%
Democratic Republic of the Congo
43%
Georgia
42%
Lebanon
41%
Malaysia
41%
Pakistan
41%
Qatar
41%
Turkey
41%
Gabon
41%
Tajikistan
41%
United Arab Emirates
41%
Ghana
41%
Gambia
41%
Equatorial Guinea
40%
North Korea
40%
Guinea
40%
South Korea
40%
Guinea-Bissau
40%
Philippines
39%
Thailand
39%
Cyprus
39%
Mongolia
39%
Maldives
39%
Burma
39%
Mali
38%
Uganda
38%
Sri Lanka
38%
Nepal
38%
Taiwan
38%
Singapore
38%
Syria
37%
Saudi Arabia
37%
Liberia
37%
Mauritius
37%
Mauritania
37%
Libya
36%
Kenya
36%
Malawi
36%
Lesotho
35%
Tanzania
35%
Mozambique
35%
Niger
35%
Nigeria
35%
Togo
35%
Rwanda
35%
Sudan
35%
South Sudan
35%
Madagascar
34%
Somalia
34%
Namibia
34%
Senegal
34%
Tunisia
34%
South Africa
34%
Morocco
32%
Sierra Leone
32%
Côte d'Ivoire
31%
São Tomé and Príncipe
31%
Swaziland
31%
Seychelles
31%
Republic of the Congo
25%

Score Distribution

Percentile by Number Answered

Percent of People with Each Score

Your Score History

You have not taken this quiz